000 00662nam a2200205Ia 4500
005 20260121110032.0
008 008 260114s9999 xx 000 0 hin d
020 _a9788132351221
037 _aEBOOK
040 _aCRL
_bhin
_cCRL
041 _ahin
_2hin
084 _qCRL
100 _aZकृष्ण कुमार शर्मा / Zkrishna Kumar Sharma
_9941246
245 0 _aजन्तुओ में पोषण / Jantuo mein Poshan
260 _bभाषा प्रकाशन / Bhasha Prakashan
_c2020
856 _uhttps://bhashaprakashan.com/product-details/378463
942 _cEBOOK
999 _c1532911
_d1532911